Statistics for Košice International Airport Destinations (Košice, Slovakia)

Click here to take the quiz!

General Stats

  • This quiz has been taken 34 times
  • The average score is 6 of 13

Answer Stats

AirlineDestination% Correct
Austrian AirlinesVienna
90%
LOT Polish AirlinesWarsaw (Chopin)
90%
Wizz AirLondon (Luton)
83%
RyanairLondon (Stansted)
83%
RyanairPrague
73%
RyanairDublin
40%
SmartwingsHeraklion
33%
SmartwingsRhodes
27%
SmartwingsBurgas
23%
RyanairLiverpool
20%
AirExploreAntalya
17%
SmartwingsLarnaca
17%
SkyAlpsBrac
7%

Score Distribution

Percentile by Number Answered

Percent of People with Each Score

Your Score History

You have not taken this quiz